LEADER 00875nam a2200253 i 4500 001 991004197779707536 005 20020506115453.0 008 010315s1924 it ||| | ita 035 $ab10625677-39ule_inst 035 $aEXGIL135886$9ExL 040 $aBiblioteca Interfacoltą$bita 082 0 $a861.008 100 1 $aDe Lollis, Cesare$0137508 245 10$aRomances spagnoli /$cCesare De Lollis 260 $aRoma :$bEdizioni scienze e lettere,$c1924 300 $a48 p. ;$c18 cm. 490 0 $aBiblioteca neolatina ;$v2 650 4$aPoesia spagnola$xAntologie 907 $a.b10625677$b23-02-17$c28-06-02 912 $a991004197779707536 945 $aLE002 Busta 8 1$g1$i2002000793249$lle002$o-$pE0.00$q-$rn$so $t0$u0$v0$w0$x0$y.i10713098$z28-06-02 996 $aRomances spagnoli$9234595 997 $aUNISALENTO 998 $ale002$b01-01-01$cm$da $e-$fita$git $h0$i1 LEADER 01104cam a22002774a 4500 001 991001249229707536 008 050822s2005 it b 001 0 ita d 020 $a884207618X 035 $ab13343142-39ule_inst 040 $aDip.to Studi Storici$bita 100 1 $aPetraccone, Claudia$033371 245 14$aLe "due Italie" :$bla questione meridionale tra realtį e rappresentazione /$cClaudia Petraccone 260 $aRoma :$bLaterza,$c2005 300 $axii, 330 p. ;$c21 cm 490 1 $aStoria e societį 651 0$aQuestione meridionale 651 0$aItaly, Southern$xHistory$y1861-1945 651 0$aItaly, Southern$xHistory$y1945- 830 0$aStoria e societį 907 $a.b13343142$b02-04-14$c10-10-05 912 $a991001249229707536 945 $aLE023 945.7 PET 2 1$g1$i2023000076743$lle023$o-$pE20.00$q-$rl$s- $t0$u13$v1$w13$x0$y.i14153968$z17-11-05 945 $aLE023 945.7 PET 2 1 c. 2$g1$i2023000094945$lle023$o-$pE20.00$q-$rl$s- $t0$u7$v1$w7$x0$y.i14452856$z16-05-07 996 $aDue Italie$9710763 997 $aUNISALENTO 998 $ale023$b10-10-05$cm$da $e-$fita$git $h4$i0